Moderator nach Sendung - Österreich - Statistiken

Allgemein
  • Dieses Quiz wurde 20 mal gespielt
  • Das Durchschnittsergebnis liegt bei 10 aus 30
Antwortstatistiken
Sendung Moderator/in % Korrekt
Die Millionenshow Armin Assinger
95%
Dancing Stars Mirjam Weichselbraun
80%
Millionenrad / Die Brieflos-Show Peter Rapp
80%
Gute Nacht Österreich Peter Klien
65%
Musikantenstadl (bis 2015) Andy Borg
55%
Willkommen Österreich Christoph Grissemann
55%
Willkommen Österreich Dirk Stermann
55%
Bauer sucht Frau Arabella Kiesbauer
45%
Hi Society / _____ und die VIPs Dominic Heinzl
45%
Bürgeranwalt Peter Resetarits
40%
Klingendes Österreich Sepp Forcher
40%
Vera Vera Russwurm
40%
Dancing Stars Klaus Eberhartinger
35%
Musikantenstadl (bis 2015) Karl Moik
30%
Dancing Stars Andi Knoll
25%
Wahlfahrt / Dok 1 Hanno Settele
25%
Die Millionenshow Rainhard Fendrich
25%
Dancing Stars Alfons Haider
20%
Die Millionenshow Barbara Stöckl
20%
Liebesg’schichten und Heiratssachen Elisabeth T. Spira
20%
Mei liabste Weis Franz Posch
15%
Quizmaster Andreas Moravec
10%
Dancing Stars Kristina Inhof
10%
Spielegalaxie / Am dam des Thomas Brezina
10%
Die großen 10 Udo Huber
10%
Bingo Dorian Steidl
5%
Bauer sucht Frau Katrin Lampe
5%
Bingo Marie Christine Giuliani
5%
Liebesg’schichten und Heiratssachen Nina Horowitz
5%
Dancing Stars Norbert Oberhauser
0%
Keine übereinstimmenden Quizze gefunden
Verteilung der Resultate
Anzahl Personen mit jedem Resultat
Perzentil nach korrekt beantworteten Fragen
Ihre Resultats-Entwicklung
Sie haben dieses Quiz noch nicht gespielt